Сталин: биография вождя

Bibliografiska uppgifter
Huvudupphovsman: Мартиросян А. Б. Арсен Беникович
Sammanfattning:И в России, и за рубежом И.В. Сталин давно признан величайшим правителем в истории нашей страны. Тем не менее в последние полвека имя и дела Генералиссимуса оболганы и оклеветаны, ему приписали множество злодеяний, попытались сочинить фальшивую биографию. Последнее пристанище Сталина тоже осквернили: вытащили из Мавзолея и, обрезав даже позолоченные пуговицы на мундире, перезахоронили под одиннадцатью бетонными плитами! Но усилия антисталинистов тщетны, они не могут одолеть его, словно сказочного богатыря. Как метко заметил У. Черчилль, Н.С. Хрущев «вступил в схватку с мертвым львом и вышел из нее побежденным»! Автор уникального пятитомного проекта военный историк А.Б. Мартиросян взял на себя труд развеять 200 наиболее ходовых мифов антисталинианы, разоблачить ряд «документальных» фальшивок. Третья книга проекта — «Сталин: биография вождя».
Språk:ryska
Publicerad: Москва, Вече, 2008
Serie:200 мифов о Сталине
Ämnen:
Materialtyp: Bok
KOHA link:https://koha.lib.tpu.ru/cgi-bin/koha/opac-detail.pl?biblionumber=132147

MARC

LEADER 00000nam0a2200000 4500
001 132147
005 20260227145433.0
010 |a 9785953330329 
035 |a (RuTPU)RU\TPU\book\143090 
090 |a 132147 
100 |a 20080227d2008 km y0rusy50 ca 
101 0 |a rus 
102 |a RU 
105 |a y z 000zb 
200 1 |a Сталин: биография вождя  |f А. Б. Мартиросян 
210 |a Москва  |c Вече  |d 2008 
215 |a 320 с. 
225 1 |a 200 мифов о Сталине 
330 |a И в России, и за рубежом И.В. Сталин давно признан величайшим правителем в истории нашей страны. Тем не менее в последние полвека имя и дела Генералиссимуса оболганы и оклеветаны, ему приписали множество злодеяний, попытались сочинить фальшивую биографию. Последнее пристанище Сталина тоже осквернили: вытащили из Мавзолея и, обрезав даже позолоченные пуговицы на мундире, перезахоронили под одиннадцатью бетонными плитами! Но усилия антисталинистов тщетны, они не могут одолеть его, словно сказочного богатыря. Как метко заметил У. Черчилль, Н.С. Хрущев «вступил в схватку с мертвым львом и вышел из нее побежденным»! Автор уникального пятитомного проекта военный историк А.Б. Мартиросян взял на себя труд развеять 200 наиболее ходовых мифов антисталинианы, разоблачить ряд «документальных» фальшивок. Третья книга проекта — «Сталин: биография вождя». 
600 1 |a Сталин  |g Иосиф Виссарионович  |b И. В.  |f 1878-1953  |c российский политический и государственный деятель  |c Генеральный секретарь ЦК КПСС  |c настоящая фамилия Джугашвилли  |c псевдоним Коба  |2 stltpush  |3 (RuTPU)RU\TPU\pers\1058 
606 |a Деятели политические и государственные  |x Персоналии  |y СССР  |z 1917-1991  |7 ca  |8 rus  |9 85368 
610 1 |a Россия 
610 1 |a история России 
610 1 |a СССР 
610 1 |a государственные деятели 
610 1 |a биографии 
610 1 |a сталинизм 
686 |a Т3(2)6-3  |2 rubbk 
700 1 |a Мартиросян  |b А. Б.  |g Арсен Беникович 
801 1 |a RU  |b 63413507  |c 20080227  |g PSBO 
801 2 |a RU  |b 63413507  |c 20180702  |g PSBO 
942 |c BK